Pays ayant le plus de participations aux Jeux olympiques d'été - Statistiques

Statistiques générales
  • Ce quiz a été pris 96 fois
  • Le résultat moyen est 15 sur 19
Statistiques - réponses
Participations Pays % Correct
28 États-Unis
100%
29 France
100%
28 Italie
95%
29 Grande-Bretagne
92%
27 Canada
88%
29 Suisse
86%
27 Belgique
85%
27 Australie
82%
28 Suède
79%
29 Grèce
78%
25 Portugal
78%
26 Norvège
76%
27 Pays-Bas
75%
28 Autriche
72%
26 Finlande
72%
28 Danemark
69%
27 Hongrie
62%
25 Argentine
60%
25 Inde
48%
Aucun quiz correspondant
Distribution des résultats
% des personnes avec chaque résultat
Percentile par nombre de réponses
Votre historique - résultats
Vous n’avez pas pris ce quiz